[Event "BL2-Nord 1213"]
[Site "Germany"]
[Date "2013.04.14"]
[Round "9.5"]
[White "Ehrke, Michael"]
[Black "Meyner, Hannes"]
[Result "1/2-1/2"]
[WhiteElo "2243"]
[BlackElo "2239"]
[PlyCount "111"]
[EventDate "2012.10.14"]
[EventType "team-tourn"]
[EventRounds "9"]
[EventCountry "GER"]
[SourceTitle "CBM 154 Extra"]
[Source "ChessBase"]
[SourceDate "2013.06.25"]
[SourceVersion "2"]
[SourceVersionDate "2013.06.25"]
[SourceQuality "1"]
[WhiteTeam "Luebeck"]
[BlackTeam "Kassel"]
[WhiteTeamCountry "GER"]
[BlackTeamCountry "GER"]

1. d4 Nf6 2. Nf3 b6 3. Bf4 Bb7 4. e3 g6 5. h3 Bg7 6. Be2 0-0 7. 0-0 d6 8. c4 c5 9. Nc3 Ne4 10. Nxe4 Bxe4 11. Qd2 cxd4 12. exd4 Nc6 13. Bh6 Bxh6 14. Qxh6 Bxf3 15. Bxf3 Rc8 16. Rad1 Qc7 17. Rfe1 e5 18. Bxc6 Qxc6 19. dxe5 dxe5 20. b3 b5 21. Rc1 f6 22. Red1 bxc4 23. Rxc4 Qe6 24. Rxc8 Rxc8 25. Qd2 e4 26. b4 Re8 27. a4 Kf7 28. b5 e3 29. fxe3 Qxe3+ 30. Qxe3 Rxe3 31. Kf2 Re7 32. Kf3 Ke8 33. Rd4 Rc7 34. Rd6 Ke7 35. Ra6 f5 36. Kf4 Kd7 37. a5 Rb7 38. Kg5 Rxb5 39. Rxa7+ Ke6 40. a6 f4+ 41. Kxf4 Rf5+ 42. Ke4 Ra5 43. g4 Ra4+ 44. Kf3 Kf6 45. h4 h6 46. Ra8 g5 47. a7 Kg7 48. hxg5 hxg5 49. Ke3 Kf7 50. Kd3 Kg7 51. Kc3 Ra1 52. Kd4 Ra2 53. Ke5 Ra1 54. Ke6 Ra6+ 55. Ke7 Ra1 56. Ke6 1/2-1/2

[Event "BL2-Nord 1213"]
[Site "Germany"]
[Date "2012.11.25"]
[Round "3.4"]
[White "Ehrke, Michael"]
[Black "Schuster, Martin"]
[Result "1-0"]
[WhiteElo "2243"]
[BlackElo "2249"]
[PlyCount "77"]
[EventDate "2012.10.14"]
[EventType "team-tourn"]
[EventRounds "9"]
[EventCountry "GER"]
[SourceTitle "CBM 154 Extra"]
[Source "ChessBase"]
[SourceDate "2013.06.25"]
[SourceVersion "2"]
[SourceVersionDate "2013.06.25"]
[SourceQuality "1"]
[WhiteTeam "Luebeck"]
[BlackTeam "Loeberitz"]
[WhiteTeamCountry "GER"]
[BlackTeamCountry "GER"]

1. d4 Nf6 2. Nf3 e6 3. Bf4 c5 4. e3 Qb6 5. Nbd2 d5 6. Rb1 Bd7 7. Be2 Nc6 8. c3 Be7 9. h3 0-0 10. Qb3 Rfc8 11. 0-0 Be8 12. Rfe1 h6 13. Qd1 Rd8 14. Bd3 Bd6 15. Bxd6 Rxd6 16. Ne5 Rdd8 17. f4 Rac8 18. Qe2 a6 19. g4 Ne4 20. Nxe4 dxe4 21. Bxe4 Ne7 22. Bg2 f6 23. Nd3 Bg6 24. Rbd1 c4 25. Nc5 Nd5 26. f5 exf5 27. gxf5 Bf7 28. Qf2 Re8 29. e4 Ne7 30. e5 Bd5 31. Nd7 Qc6 32. exf6 Qxd7 33. Rxe7 Rxe7 34. Bxd5+ Qxd5 35. fxe7 Re8 36. Re1 Qd6 37. Re6 Qd7 38. Qe2 Kf7 39. Qxc4 1-0